000 00509nam a2200193Ia 4500
005 20250923144721.0
008 008 250917s9999 xx 000 0 eng d
037 _aTextual
040 _aDSWL
_beng
_cDSWL
041 _aeng
_2eng
084 _qDSWL
100 _aKuper, Leo
_9827691
245 0 _aPassive Resitance in South Africa
_cby Leo Kuper
260 _aNew Hevan
_bYale University Press
_c1957
300 _a256p.
365 _aINR
942 _cTEXL
999 _c1442442
_d1442442